Library of the University of Algiers 3
Ibrahim Sultan Cheibout
شعار جامعة الجزائر 3
مكتبة جامعة الجزائر 3
إبراهيم سلطان شيبوط

تطور المؤسسات الدستورية في الجزائر منذ الإستقلال من خلال الوثائق والنصوص الرسمية / (رقم التسجيلة. 44773)

تفاصيل مارك
000 -LEADER
fixed length control field 01482nam a2200241Ia 4500
003 - CONTROL NUMBER IDENTIFIER
control field Ost
005 - DATE AND TIME OF LATEST TRANSACTION
control field 20260507075521.0
008 - FIXED-LENGTH DATA ELEMENTS--GENERAL INFORMATION
fixed length control field 260507s9999||||xx |||||||||||||| ||und||
020 ## - INTERNATIONAL STANDARD BOOK NUMBER
International Standard Book Number 9961008103
040 ## - CATALOGING SOURCE
Transcribing agency fsecg
041 ## - LANGUAGE CODE
Language code of text/sound track or separate title ara
082 ## - DEWEY DECIMAL CLASSIFICATION NUMBER
Classification number 342.02
100 ## - MAIN ENTRY--PERSONAL NAME
Personal name إدريس، بوكرا
Relator term مؤلف
245 #0 - TITLE STATEMENT
Title تطور المؤسسات الدستورية في الجزائر منذ الإستقلال من خلال الوثائق والنصوص الرسمية /
Statement of responsibility, etc. بوكرا إدريس
250 ## - EDITION STATEMENT
Edition statement طبعة 3
260 ## - PUBLICATION, DISTRIBUTION, ETC.
Place of publication, distribution, etc. الجزائر:
Name of publisher, distributor, etc. ديوان المطبوعات الجامعية,
Date of publication, distribution, etc. 2009
300 ## - PHYSICAL DESCRIPTION
Extent 279 صفحة؛
Other physical details إيضاحات ؛
Dimensions 22 سم
504 ## - BIBLIOGRAPHY, ETC. NOTE
Bibliography, etc. note ببليوغرافيا:ص ص.263-271
520 ## - SUMMARY, ETC.
Summary, etc. المرحلة الممتدة من وقف إطلاق النار إلى غاية انتخاب المجلس الوطني التأسيسي،المرحلة الممتدة من انتخاب المجلس الوطني التأسيسي إلى غاية الموافقة على دستور 1963،دستور 1963 إلى غاية 19جوان1965،المرحلة الممتدة من19جوان إلى غاية إعداد دستور 1976...59،المرحلة الممتدة من الشروع في تطبيق دستور 1976 إلى غاية وضع دستور جديد عام 1989،تسلسل لأهم الأحداث السياسية والدستورية منذ الإستقلال
653 ## - INDEX TERM--UNCONTROLLED
Uncontrolled term الجزائر
653 ## - INDEX TERM--UNCONTROLLED
Uncontrolled term الدستور
942 ## - ADDED ENTRY ELEMENTS (KOHA)
Koha item type كتب
المقتنيات
Withdrawn status Lost status Source of classification or shelving scheme Damaged status Not for loan Home library Current library Date acquired Serial enumeration / chronology Inventory number Total checkouts Full call number Barcode Date last seen Price effective from Koha item type
    Dewey Decimal Classification   NOT LOAN / إعارة داخلية مكتبة كلية العلوم الإقتصادية والعلوم التجارية وعلوم التسيير مكتبة كلية العلوم الإقتصادية والعلوم التجارية وعلوم التسيير 07/05/2026 الطابق الأرضي 8388   أ/3121ج1ن1 8388 07/05/2026 07/05/2026 كتب
    Dewey Decimal Classification   Available مكتبة كلية العلوم الإقتصادية والعلوم التجارية وعلوم التسيير مكتبة كلية العلوم الإقتصادية والعلوم التجارية وعلوم التسيير 07/05/2026 الطابق الأرضي 8389   أ/3121ج1ن2 8389 07/05/2026 07/05/2026 كتب
    Dewey Decimal Classification   Available مكتبة كلية العلوم الإقتصادية والعلوم التجارية وعلوم التسيير مكتبة كلية العلوم الإقتصادية والعلوم التجارية وعلوم التسيير 07/05/2026 الطابق الأرضي 8390   أ/3121ج1ن3 8390 07/05/2026 07/05/2026 كتب
    Dewey Decimal Classification   Available مكتبة كلية العلوم الإقتصادية والعلوم التجارية وعلوم التسيير مكتبة كلية العلوم الإقتصادية والعلوم التجارية وعلوم التسيير 07/05/2026 الطابق الثاني 8391   أ/3121ج1ن4 8391 07/05/2026 07/05/2026 كتب
    Dewey Decimal Classification   Available مكتبة كلية العلوم الإقتصادية والعلوم التجارية وعلوم التسيير مكتبة كلية العلوم الإقتصادية والعلوم التجارية وعلوم التسيير 07/05/2026 الطابق الثاني 8392   أ/3121ج1ن5 8392 07/05/2026 07/05/2026 كتب
    Dewey Decimal Classification   Available مكتبة كلية العلوم الإقتصادية والعلوم التجارية وعلوم التسيير مكتبة كلية العلوم الإقتصادية والعلوم التجارية وعلوم التسيير 07/05/2026 الطابق الثاني 8393   أ/3121ج1ن6 8393 07/05/2026 07/05/2026 كتب

موارد الويب المفتوحة


© University of Algiers 3 All Rights Reserved
|
Implemented by LECHELAH Riad